| 000 | 00764nam a22002537a 4500 | ||
|---|---|---|---|
| 003 | OSt | ||
| 005 | 20260424030232.0 | ||
| 008 | 260424b |||||||| |||| 00| 0 eng d | ||
| 020 | _a0-471-71812-2 | ||
| 040 |
_aDWC-Main lib. _cOC |
||
| 082 |
_22nd ed. _aCirc. 517.38 Ed96d 2000 |
||
| 100 | _aHunt, Brian R. | ||
| 245 |
_aDifferential equations with MATLAB/ _cBrian R. Hunt |
||
| 260 |
_aMassachusetts : _bJohn Wiley & Sons, _cc2005. |
||
| 300 |
_ax, 295 p. ; _c23 cm. |
||
| 650 | _a1. Differential equations. | ||
| 650 | _a2. Numerical solutions. | ||
| 650 | _a3. Data Processing. | ||
| 700 | _aLipsman, Ronald L. | ||
| 700 | _aOsborn, John E. | ||
| 700 | _aRosenberg, Jonathan M. | ||
| 760 | _b2nd ed. | ||
| 942 |
_2ddc _cBK-CIRC _e2nd ed. _hCirc. _n0 |
||
| 999 |
_c9833 _d9833 |
||